Land reform N2/1998; Land settlement and cooperatives

Gorde:
Xehetasun bibliografikoak
Egile nagusia: FAO
Formatua: Liburua
Hizkuntza:Undetermined
Argitaratua: Rome FAO 1998
Gaiak:
Etiketak: Etiketa erantsi
Etiketarik gabe, Izan zaitez lehena erregistro honi etiketa jartzen!
Thư viện lưu trữ: Trung tâm Học liệu Trường Đại học Cần Thơ
LEADER 00506nam a2200193Ia 4500
001 CTU_33990
008 210402s9999 xx 000 0 und d
082 |a 631 
082 |b L253/N98.2 
100 |a FAO 
245 0 |a Land reform 
245 0 |b N2/1998; Land settlement and cooperatives 
245 0 |c FAO 
260 |a Rome 
260 |b FAO 
260 |c 1998 
650 |a land use - planning 
904 |i Nguyễn Quang Điền, 991118 
980 |a Trung tâm Học liệu Trường Đại học Cần Thơ